000 01172nam a2200289 a 4500
001 1356
003 BR-CuiBMT
005 20231205211434.0
008 230824s2015 prba 001 0 por d
020 _a9788599369272
040 _aBR-CuiBMT
_cBR-CuiBMT
080 _a351.712.2.02
_22007
090 _a351.712.2.02
_bL525
_c33. ed.
245 0 0 _aLei de licitações e contratos administrativos :
_bLei nº 8.666, de 21 de junho de 1993, com alterações posteriores /
_corganização, notas e revisão Renato Geraldo Mendes, Anadricea Vicente de Almeida, Alessandra Corrêa Santos.
250 _a33. ed., rev., atual.
260 _aCuritiba :
_bZenite,
_c2015.
300 _a480 p. ;
_bil. ;
_c23 cm
504 _aInclui bibliografia e índice.
610 1 4 _aBrasil.
_tLei n. 8.666, de 21 de junho de 1993
650 _aLicitações e contratos
_vLegislação
_zBrasil
650 _aContratação pública
_xNormas de controle
_zBrasil
650 _aContratação de obras e serviço
_xLicitação
_yBrasil
700 1 _aMendes, Renato Geraldo
_4org.
700 1 _aAlmeida, Anadricea Vicente de
_4org.
700 1 _aSantos, Alessandra Corrêa
_4org.
942 _2udc
_cLV
999 _c1356
_d1356